000 00728cam a2200265 4500
999 _c3786
_d3786
001 762722
003 OSt
005 20190907161406.0
008 00026401973 caua b 000 0 eng
010 _a73080207
020 _a0830702385
040 _aDLC
_cDLC
_dASC
050 0 _aBV652.25
_b.M28
082 _a254
_bM821M
090 _aBV652.25
_b.M28
090 _aBV652.25 .M28
100 1 _aMcGavran, Donald A.
_q(Donald Anderson),
_d1897-1990.
245 1 0 _aHow to grow a church /
_cby Donald A. McGavran with Win C. Arn.
260 _aGlendale, CA :
_bRegal Books,
_c1973.
300 _a180 p.
_billus.
_c19 cm.
504 _aBibliography: p. 179.
650 0 _aChurch growth.
700 1 _aArn, Win.
942 _2ddc
_cBK